Acta Facultatis educationis fisicae Universitatis Comenianae
| Previous Title: | Sborník Inštitútu telesnej výchovy a športu Univerzity J. A. Komenského v Bratislave |
|---|---|
| Format: | Journal |
| Language: | Slovak English |
| PhysicalDescription: | 55 zv. grafy, tab. 24 cm Online vydanie: Acta Facultatis Educationis Fisicae Universitatis Comenianae (Online) ISSN 2585-8777 |
| Published: |
Bratislava
Slovenské pedagogické nakladateľstvo
1966-2021
Bratislava Univerzita Komenského |
| ISBN: | 8022316946 (brož. : publ. XLII/2001) 8022317985 (brož. : publ. XLIII/2002) 8022319147 (brož. : publ. XLIV/2003) 8022320145 (brož. : publ. XLV/2004) 8022322040 (brož. : publ. XLVI/2005) 8022322563 (brož. : publ. XLVII/2006) 9788022326223 (brož. : publ. XLVIII/2008) 9788022327046 (brož. : publ. XLIX/I/2009) 9788022327817 (brož. : publ. XLIX/II/2009) 9788022330190 (brož. : publ. LI/I/2011) 9788022326599 (brož. : publ. L/I/2010) 9788022329200 (brož. : publ. L/II/2010) 9788022331098 (brož. : publ. LI/II/2011) 9788022332293 (brož. : publ. LII/I/2012) 9788022333290 (brož. : publ. LII/II/2012) 8008000384 (brož. : publ. XXVIII/1987) 8022315672(brož. : publ. XLI/2000) 8008004886 (brož. : publ. XXIX/1988) 8008009667 (brož. : publ. XXX/1989) 8008012935 (brož. : publ. XXXII/1992) 8022306436 (brož. : publ. XXXIII/1992) 8022308463 (brož. : publ. XXXIV/1994) 8022308781 (brož. : publ. XXXV/1994) 8022309052 (brož. : publ. XXXVI/1995) 8022310026 (brož. : publ. XXXVII/1995) 8022312444(brož. : publ. XXXVIII/1997) 802231367X(brož. : publ. XXXIX/1998) 8022314315(brož. : publ. XL/1999) 9788022336819 (brož. : publ. LIV/II/2014) 9788022334044 (brož. : publ. LIII/I/2013) 9788022335102 (brož. : publ. LIII/II/2013) 9788022336055 (brož. : publ. LIV/I/2014) 8022302996 (brož. : publ. XXXI/1990) |
| ISSN: | 0520-7371 0524-2266 |
| Subjects: |
MARC
| LEADER | 00000cas a2200000 a 4500 | ||
|---|---|---|---|
| 001 | vtls001472042 | ||
| 005 | 20260506071310.0 | ||
| 008 | 190102d19662021xo fr p 0000b0slo | ||
| 015 | |a SNBB2005/02-00589 (Publicatio XLII) |a SNBB2005/02-00590 (Publicatio XLIII) |a SNBB2007/03-01041 (Publicatio XLIV) |a SNBB2007/03-01042 (Publicatio XLV) |a SNBB2007/03-01043 (Publicatio XLVI) |a SNBB2008/03-01094 (Publicatio XLVII) |a SNBB2009/04-01730 (Publicatio XLVIII) |a SNBB2010/03-01650 (Publicatio XLIX/I) |a SNBB2010/03-01651 (Publicatio XLIX/II) |a SNBB2011/04-02959 (Publicatio L/I) |a SNBB2011/04-02960 (Publicatio L/II) |a SNBB2011/04-02961 (Publicatio LI/I) |a SNBB2012/03-00597 (Publicatio LI/II) |a SNBB2012/04-01396 (Publicatio LII/I) |a SNBB2013-(publ. LII/II/2012) |a SNBB2015-(publ. LIII/I, II/2013, publ. LIV/I, II/2014) |a SNBB2018-(publ. LV/I, II/2015, LVI/I, II/2016, LVII/I, II/2017) | ||
| 015 | |a SKSNBA1972/03-00735 (Publ. 10/1971) |a SKSNBA1972/08-02002 (Publ. 11/1972) |a SKSNBA1973/10-02394 (Publ. 12/1972) |a SNBA1981-(Publ. 20/1977, Publ. 21/1979) |a SNBA1982/04-(Publ. 22/1981) |a SNBA1985/05-(Publ. 24/1983) |a SNBA1986/02-(26/1985) |a SNBA1987/10-(Publ. 25/1984) |a SNBA1989/03-(Publ. 27/1986) |a SNBA1990/02-(Publ. 28/1987) |a SNBA1991/04-(Publ. 31/1999) |a SNBA1992/09-(Publ. 32/1992) |a SNBA1997/1203542-(Publ. 35/1994) |a SNBA1997/0200480-(Publ. 37/1995) |a SNBA1999/06-02171-(Publ. 38/1997) |a SNBA2000/05-01561-(Publ. 39/1998) |a SNBA2000/10-03501 (Publ. 40/1999) | ||
| 020 | |a 8022316946 (brož. : publ. XLII/2001) | ||
| 020 | |a 8022317985 (brož. : publ. XLIII/2002) | ||
| 020 | |a 8022319147 (brož. : publ. XLIV/2003) | ||
| 020 | |a 8022320145 (brož. : publ. XLV/2004) | ||
| 020 | |a 8022322040 (brož. : publ. XLVI/2005) | ||
| 020 | |a 8022322563 (brož. : publ. XLVII/2006) | ||
| 020 | |a 9788022326223 (brož. : publ. XLVIII/2008) | ||
| 020 | |a 9788022327046 (brož. : publ. XLIX/I/2009) | ||
| 020 | |a 9788022327817 (brož. : publ. XLIX/II/2009) | ||
| 020 | |a 9788022330190 (brož. : publ. LI/I/2011) | ||
| 020 | |a 9788022326599 (brož. : publ. L/I/2010) | ||
| 020 | |a 9788022329200 (brož. : publ. L/II/2010) | ||
| 020 | |a 9788022331098 (brož. : publ. LI/II/2011) | ||
| 020 | |a 9788022332293 (brož. : publ. LII/I/2012) | ||
| 020 | |a 9788022333290 (brož. : publ. LII/II/2012) | ||
| 020 | |a 8008000384 (brož. : publ. XXVIII/1987) | ||
| 020 | |a 8022315672(brož. : publ. XLI/2000) | ||
| 020 | |a 8008004886 (brož. : publ. XXIX/1988) | ||
| 020 | |a 8008009667 (brož. : publ. XXX/1989) | ||
| 020 | |a 8008012935 (brož. : publ. XXXII/1992) | ||
| 020 | |a 8022306436 (brož. : publ. XXXIII/1992) | ||
| 020 | |a 8022308463 (brož. : publ. XXXIV/1994) | ||
| 020 | |a 8022308781 (brož. : publ. XXXV/1994) | ||
| 020 | |a 8022309052 (brož. : publ. XXXVI/1995) | ||
| 020 | |a 8022310026 (brož. : publ. XXXVII/1995) | ||
| 020 | |a 8022312444(brož. : publ. XXXVIII/1997) | ||
| 020 | |a 802231367X(brož. : publ. XXXIX/1998) | ||
| 020 | |a 8022314315(brož. : publ. XL/1999) | ||
| 020 | |a 9788022336819 (brož. : publ. LIV/II/2014) | ||
| 020 | |a 9788022334044 (brož. : publ. LIII/I/2013) | ||
| 020 | |a 9788022335102 (brož. : publ. LIII/II/2013) | ||
| 020 | |a 9788022336055 (brož. : publ. LIV/I/2014) | ||
| 020 | |a 8022302996 (brož. : publ. XXXI/1990) | ||
| 022 | |a 0520-7371 | ||
| 035 | |a (SVKBB03)vtls000107998 | ||
| 040 | |a SNK |b slo |c SNK |d SVKBB |e AACR2 | ||
| 041 | 0 | |a slo |a eng |b eng |b slo |b cze | |
| 044 | |a xo |c SK | ||
| 072 | 7 | |a 796 |x Šport. Hry. Telesné cvičenia |2 konspekt | |
| 080 | |a 796/799 |2 2011 | ||
| 080 | |a 37.016:796/799 |2 2011 | ||
| 080 | |a (062.552) |2 2011 | ||
| 080 | |a 80-223-0643-6 | ||
| 080 | |a 050 |2 2011 | ||
| 210 | 0 | |a Acta Fac. educ. phys. Univ. Comen. | |
| 222 | 0 | |a Acta Facultatis educationis physicae Universitatis Comenianae | |
| 245 | 0 | 0 | |a Acta Facultatis educationis fisicae Universitatis Comenianae |
| 246 | 1 | 2 | |a Pamätnica k 30. výročiu založenia Fakulty telesnej výchovy a športu Univerzity Komenského v Bratislave |f Publ. XXXI/1990 |
| 246 | 1 | 3 | |a Acta Facultatis Educationis Physicae Universitatis Comenianae |f 1971-2021 |
| 246 | 3 | 3 | |a AFEPUC |
| 260 | |a Bratislava |b Slovenské pedagogické nakladateľstvo |c 1966-2021 | ||
| 260 | 3 | |3 1985-2021 |a Bratislava |b Univerzita Komenského | |
| 300 | |a 55 zv. |b grafy, tab. |c 24 cm | ||
| 310 | |a 2x ročne |b 2009; 2011-2021 | ||
| 321 | |a 1x ročne |b 1966-2008 | ||
| 362 | 0 | |a Publ. 5 (1966)-roč. 61, č. 2 (2021) | |
| 500 | |a Zodp. red.: Karol Stráňai ; od XVI/1975 Jaromír Perútka ; od XXII/1981 Xénia Rovná ; od XXV/1984 František Korček ; XXXI/1990, František Korček, Anton Lednický ; XXXII/1992 Jaromír Perútka ; od XXXIII/1992 Ján Záhorec a Július Žiškay ; XXXV/1994 Mária Majherová a Július Žiškay ; XXXVI/1995 Ján Záhorec a Július Žiškay ; XXXVII/1995 Ľudmila Zapletalová a Július Žiškay ; od XXXVIII/1997 Miloš Slamka a Július Žiškay ; XLI (2003)-XLV (2004), Michal Leško, Miloš Slamka ; XLVI (2005)-L (2010), Ľudmila Zapletalová ; od r. 2011, Oľga Kyselovičová | ||
| 500 | |a Roč. XVIII-XIX/1976-1977 vyšiel v r. 1980 | ||
| 500 | |a Časopis je citovaný v EBSCO | ||
| 500 | |a Evidenčné č. MK SR: EV 5144/15 | ||
| 500 | |a Od roku 2022 vychádza iba v elektronickej podobe | ||
| 504 | |a Bibliogr. odkazy | ||
| 530 | |a Online vydanie: Acta Facultatis Educationis Fisicae Universitatis Comenianae (Online) ISSN 2585-8777 | ||
| 546 | |a Text slov., angl.; res. angl., slov. alebo čes. | ||
| 650 | 0 | 7 | |a telesná výchova |2 SNKPH |9 708 |
| 650 | 0 | 7 | |a šport |2 SNKPH |9 1042 |
| 650 | 0 | 7 | |a Physical education |2 SNKPHeng |9 265416 |
| 650 | 0 | 7 | |a šport |2 SNKPHeng |9 1042 |
| 655 | 7 | |a zborníky |2 SNKPH |9 70165 | |
| 655 | 7 | |a Papers of several authors |2 SNKPHeng |9 153738 | |
| 700 | 1 | |a Leško, Michal, |d 1942- |4 lso |9 115690 | |
| 700 | 1 | |a Slamka, Miloš |4 lso |9 267538 | |
| 700 | 1 | |a Zapletalová, Ľudmila, |d 1950- |4 lso |9 92216 | |
| 700 | 1 | |a Kyselovičová, Oľga, |d 1963- |4 lso |9 39786 | |
| 700 | 1 | |a Stráňai, Karol, |d 1905-1999 |4 lso |9 117339 | |
| 700 | 1 | |a Perútka, Jaromír, |d 1930-2003 |4 lso |9 170243 | |
| 700 | 1 | |a Rovná, Xénia, |d 1929-2014 |4 lso |9 250040 | |
| 700 | 1 | |a Korček, František, |d 1930-2010 |4 lso |9 183246 | |
| 700 | 1 | |a Záhorec, Ján |4 lso |9 11551 | |
| 700 | 1 | |a Žiškay, Július, |d 1930-2024 |4 lso |9 245397 | |
| 700 | 1 | |a Majherová, Mária, |d 1964- |4 lso |9 220080 | |
| 710 | 2 | |a Univerzita Komenského v Bratislave |4 pbl |9 221617 | |
| 780 | 0 | 0 | |t Sborník Inštitútu telesnej výchovy a športu Univerzity J. A. Komenského v Bratislave |x 0524-2266 |
| 916 | |a 1966-1969, 1971-1977, 1979-1989, 1992, 1994, 1995, 1997-2006, 2008-2014, 1990, 55/2015-57/2017, 2018, 2019 | ||
| 919 | |a 80-223-1694-6 | ||
| 919 | |a 80-223-1798-5 | ||
| 919 | |a 80-223-1914-7 | ||
| 919 | |a 80-223-2014-5 | ||
| 919 | |a 80-223-2204-0 | ||
| 919 | |a 80-223-2256-3 | ||
| 919 | |a 978-80-223-2622-3 | ||
| 919 | |a 978-80-223-2704-6 | ||
| 919 | |a 978-80-223-2781-7 | ||
| 919 | |a 978-80-223-3019-0 | ||
| 919 | |a 978-80-223-2659-9 | ||
| 919 | |a 978-80-223-2920-0 | ||
| 919 | |a 978-80-223-3109-8 | ||
| 919 | |a 978-80-223-3229-3 | ||
| 919 | |a 978-80-223-3329-0 | ||
| 919 | |a 80-08-00038-4 | ||
| 919 | |a 80-223-0846-3 | ||
| 919 | |a 80-08-00488-6 | ||
| 919 | |a 80-08-00966-7 | ||
| 919 | |a 80-08-01293-5 | ||
| 919 | |a 80-223-1567-2 | ||
| 919 | |a 80-223-0878-1 | ||
| 919 | |a 80-223-0905-2 | ||
| 919 | |a 80-223-1002-6 | ||
| 919 | |a 80-223-1244-4 | ||
| 919 | |a 80-223-1367-X | ||
| 919 | |a 80-223-1431-5 | ||
| 919 | |a 978-80-223-3681-9 | ||
| 919 | |a 978-80-223-3404-4 | ||
| 919 | |a 978-80-223-3510-2 | ||
| 919 | |a 978-80-223-3605-5 | ||
| 919 | |a 80-223-0299-6 | ||
| 958 | |a NB | ||
| 999 | |c 3852 |d 5782 | ||
| 952 | |t 1 |a SNK |b SNK |c SNK_KF |y PREZ |7 8 |p 17A0655574 |o snkČSC 1221/32/1992 |i snkKSP 6627/92 |8 0 |f 1 |0 0 |1 0 |2 udc |4 0 |d 2010-04-29 |l 0 |r 2026-02-21 19:32:00 |w 2026-02-21 | ||
| 952 | |t 2 |a SNK |b SNK |y PREZ |7 0 |p 17A0655573 |o snkČSC 1221/33/1992 D1 |i snkKSP 6058/93 |z Vydané v r. 1993 |0 0 |1 0 |2 udc |4 0 |d 2010-04-29 |l 0 |r 2026-02-21 19:32:00 |w 2026-02-21 | ||
| 952 | |a SNK |b SNK |y PREZ |7 0 |p 17A0814541 |o snkČSC 1221/13/1973 |i snkKSP 6113/74 |f 1 |0 0 |1 0 |4 0 |d 2013-12-20 |l 0 |r 2026-02-21 19:33:22 |w 2026-02-21 | ||
| 952 | |a SNK |b SNK |y PREZ |7 0 |p 17A0814542 |o snkČSC 1221/15/1974 |i snkKSP 3366/76 |f 1 |0 0 |1 0 |4 0 |d 2013-12-20 |l 0 |r 2026-02-21 19:33:22 |w 2026-02-21 | ||
| 952 | |a SNK |b SNK |y PREZ |7 0 |p 17A0814543 |o snkČSC 1221/16/1974 |i snkKSP 7396/76 |f 1 |0 0 |1 0 |4 0 |d 2013-12-20 |l 0 |r 2026-02-21 19:33:22 |w 2026-02-21 | ||
| 952 | |a SNK |b SNK |y PREZ |7 0 |p 17A0814544 |o snkČSC 1221/20/1977 |i snkKSP 815/81 |f 1 |0 0 |1 0 |4 0 |d 2013-12-20 |l 0 |r 2026-02-21 19:33:23 |w 2026-02-21 | ||
| 952 | |a SNK |b SNK |y PREZ |7 0 |p 17A0814545 |o snkČSC 1221/21/1979 |i snkKSP 1384/81 |z Príl.: Základné štatistické charakteristiky a interkorelačná matica telesného a pohybového rozvoja čs. kladivárov majstrovskej triedy |f 1 |0 0 |1 0 |4 0 |d 2013-12-20 |l 0 |r 2026-02-21 19:33:23 |w 2026-02-21 | ||
| 952 | |a SNK |b SNK |y PREZ |7 0 |p 17A0814618 |o snkČSC 1221/22/1981 |i snkKSP 2245/82 |f 1 |0 0 |1 0 |4 0 |d 2013-12-20 |l 0 |r 2026-02-21 19:33:23 |w 2026-02-21 | ||
| 952 | |a SNK |b SNK |y PREZ |7 0 |p 17A0814619 |o snkČSC 1221/23/1982 |i snkKSP 845/85 |f 1 |0 0 |1 0 |4 0 |d 2013-12-20 |l 0 |r 2026-02-21 19:33:23 |w 2026-02-21 | ||
| 952 | |a SNK |b SNK |y PREZ |7 0 |p 17A0814620 |o snkČSC 1221/25/1984 |i snkKSP 6773/87 |f 1 |0 0 |1 0 |4 0 |d 2013-12-20 |l 0 |r 2026-02-21 19:33:23 |w 2026-02-21 | ||
| 952 | |a SNK |b SNK |y PREZ |7 0 |p 17A0814621 |o snkČSC 1221/26/1985 |i snkKSP 6763/85 |f 1 |0 0 |1 0 |4 0 |d 2013-12-20 |l 0 |r 2026-02-21 19:33:23 |w 2026-02-21 | ||
| 952 | |a SNK |b SNK |y PREZ |7 0 |p 17A0814622 |o snkČSC 1221/27/1986 |i snkKSP 742/89 |f 1 |0 0 |1 0 |4 0 |d 2013-12-20 |l 0 |r 2026-02-21 19:33:23 |w 2026-02-21 | ||
| 952 | |t 1 |a SNK |b SNK |c SNK_KF |y PREZ |7 8 |p 17A0814623 |o snkČSC 1221/28/1987 |i snkKSP 423/90 |8 0 |z Vydané v r. 1989 |f 1 |0 0 |1 0 |2 udc |4 0 |d 2013-12-20 |l 0 |r 2026-02-21 19:33:00 |w 2026-02-21 | ||
| 952 | |t 1 |a SNK |b SNK |c SNK_KF |y PREZ |7 8 |p 17A0814624 |o snkČSC 1221/29/1988 |i snkKSP 3451/91 |8 0 |z Vydané v r. 1990 |f 1 |0 0 |1 0 |2 udc |4 0 |d 2013-12-20 |l 0 |r 2026-02-21 19:33:00 |w 2026-02-21 | ||
| 952 | |t 1 |a SNK |b SNK |c SNK_KF |y PREZ |7 8 |p 17A0814648 |o snkČSC 1221/33/1992 |i snkKSP 6057/93 |8 0 |z Vydané v r. 1993 |f 1 |0 0 |1 0 |2 udc |4 0 |d 2013-12-20 |l 0 |r 2026-02-21 19:33:00 |w 2026-02-21 | ||
| 952 | |t 1 |a SNK |b SNK |c SNK_KF |y PREZ |7 8 |p 17A0814649 |o snkČSC 1221/34/1994 |i snkKSP 1730/95 |8 0 |f 1 |0 0 |1 0 |2 udc |4 0 |d 2013-12-20 |l 0 |r 2026-02-21 19:33:00 |w 2026-02-21 | ||
| 952 | |t 1 |a SNK |b SNK |c SNK_KF |y PREZ |7 8 |p 17A0814650 |o snkČSC 1221/36/1995 |i snkKSP 1747/96 |8 0 |f 1 |0 0 |1 0 |2 udc |4 0 |d 2013-12-20 |l 0 |r 2026-02-21 19:33:00 |w 2026-02-21 | ||
| 952 | |a SNK |b SNK |y PREZ |7 0 |p 17A0337943 |o snkČSC 1221/31/1990 D1 |i snkKSP 807/91 |z Zborník k 50. výročiu výchovy telovýchovných kádrov na Slovensku a 30. výročiu vzniku FTVŠ UK |0 0 |1 0 |4 0 |d 2002-03-27 |l 0 |r 2004-12-31 00:00:00 |w 2026-02-21 | ||
| 952 | |a SNK |b SNK |y PREZ |7 0 |p 17A0228279 |o snkČSC 1221/39/1998 |i snkKSP 1809/2000 |f 1 |0 0 |1 0 |4 0 |d 2000-02-10 |l 0 |r 2005-01-02 00:00:00 |w 2026-02-21 | ||
| 952 | |a SNK |b SNK |y PREZ |7 0 |p 17A0228280 |o snkČSC 1221/39/1998 D1 |i snkKSP 1810/2000 |0 0 |1 0 |4 0 |d 2000-02-10 |l 0 |r 2005-01-02 00:00:00 |w 2026-02-21 | ||
| 952 | |a SNK |b SNK |y PREZ |7 0 |p 17A0367543 |o snkČSC 1221/42/2001 |i snkPV 283/2004 |f 1 |0 0 |1 0 |4 0 |d 2004-03-26 |l 0 |r 2005-01-02 00:00:00 |w 2026-02-21 | ||
| 952 | |a SNK |b SNK |y PREZ |7 0 |p 17A0367544 |o snkČSC 1221/42/2001 D1 |i snkPV 284/2004 |0 0 |1 0 |4 0 |d 2004-03-26 |l 0 |r 2005-01-02 00:00:00 |w 2026-02-21 | ||
| 952 | |a SNK |b SNK |y PREZ |7 0 |p 17A0367495 |o snkČSC 1221/43/2002 |i snkPV 281/2004 |f 1 |0 0 |1 0 |4 0 |d 2004-03-26 |l 0 |r 2005-01-02 00:00:00 |w 2026-02-21 | ||
| 952 | |a SNK |b SNK |y PREZ |7 0 |p 17A0367496 |o snkČSC 1221/43/2002 D1 |i snkPV 282/2004 |0 0 |1 0 |4 0 |d 2004-03-26 |l 0 |r 2005-01-02 00:00:00 |w 2026-02-21 | ||
| 952 | |a SNK |b SNK |y PREZ |7 0 |p 17A0431455 |o snkČSC 1221/44/2003 |i snkPV 1115/2004 |f 1 |0 0 |1 0 |4 0 |d 2004-08-20 |l 0 |r 2005-01-02 00:00:00 |w 2026-02-21 | ||
| 952 | |a SNK |b SNK |y PREZ |7 0 |p 17A0431456 |o snkČSC 1221/44/2003 D1 |i snkPV 1116/2004 |0 0 |1 0 |4 0 |d 2004-08-20 |l 0 |r 2005-01-02 00:00:00 |w 2026-02-21 | ||
| 952 | |a SNK |b SNK |y PREZ |7 0 |p 17A0814535 |o snkČSC 1221/6/1967 |i snkKSP 387/68 |f 1 |0 0 |1 0 |4 0 |d 2013-12-19 |l 0 |r 2026-02-21 19:43:43 |w 2026-02-21 | ||
| 952 | |a SNK |b SNK |y PREZ |7 0 |p 17A0814536 |o snkČSC 1221/7/1968 |i snkKSP 552/69 |f 1 |0 0 |1 0 |4 0 |d 2013-12-19 |l 0 |r 2026-02-21 19:43:43 |w 2026-02-21 | ||
| 952 | |a SNK |b SNK |y PREZ |7 0 |p 17A0814537 |o snkČSC 1221/8/1969 |i snkKSP 3195/70 |f 1 |0 0 |1 0 |4 0 |d 2013-12-19 |l 0 |r 2026-02-21 19:43:43 |w 2026-02-21 | ||
| 952 | |a SNK |b SNK |y PREZ |7 0 |p 17A0814538 |o snkČSC 1221/9/1969 |i snkKSP 3192/70 |f 1 |0 0 |1 0 |4 0 |d 2013-12-19 |l 0 |r 2026-02-21 19:43:43 |w 2026-02-21 | ||
| 952 | |a SNK |b SNK |y PREZ |7 0 |p 17A0814539 |o snkČSC 1221/10/1971 |i snkKSP 2375/72 |f 1 |0 0 |1 0 |4 0 |d 2013-12-19 |l 0 |r 2026-02-21 19:43:43 |w 2026-02-21 | ||
| 952 | |a SNK |b SNK |y PREZ |7 0 |p 17A0814540 |o snkČSC 1221/11/1972 |i snkKSP 5924/72 |f 1 |0 0 |1 0 |4 0 |d 2013-12-19 |l 0 |r 2026-02-21 19:43:43 |w 2026-02-21 | ||
| 952 | |a SNK |b SNK |y PREZ |7 0 |p 17A0814534 |o snkČSC 1221/5/1966 |i snkKSP 400/67 |f 1 |0 0 |1 0 |4 0 |d 2013-12-19 |l 0 |r 2026-02-21 19:43:51 |w 2026-02-21 | ||
| 952 | |t č. 1-2 |a SNK |b SNK |y PREZ |7 0 |p 17A1557777 |o snkČSC 1221/59/2019 D1 |i snk2025/13793 |8 0 |0 0 |1 0 |4 0 |d 2025-09-02 |l 0 |r 2026-02-21 19:51:05 |w 2026-02-21 | ||
| 952 | |t č. 1-2 |a SNK |b SNK |y PREZ |7 0 |p 17A1557778 |o snkČSC 1221/60/2020 |i snk2025/13794 |8 0 |0 0 |1 0 |4 0 |d 2025-09-02 |l 0 |r 2026-02-21 19:51:05 |w 2026-02-21 | ||
| 952 | |t č. 1-2, neúplné |a SNK |b SNK |y PREZ |7 0 |p 17A1557779 |o snkČSC 1221/60/2020 D1 |i snk2025/13795 |8 0 |z Chýba č. 2 |0 0 |1 0 |4 0 |d 2025-09-02 |l 0 |r 2026-02-21 19:51:05 |w 2026-02-21 | ||
| 952 | |t č. 1-2 |a SNK |b SNK |y PREZ |7 0 |p 17A1557780 |o snkČSC 1221/61/2021 |i snk2025/13796 |8 0 |0 0 |1 0 |4 0 |d 2025-09-02 |l 0 |r 2026-02-21 19:51:05 |w 2026-02-21 | ||
| 952 | |a SNK |b SNK |y PREZ |7 0 |p 17A0504169 |o snkČSC 1221/11/1972 D1 |i snkKSP 5925/72 |0 0 |1 0 |4 0 |d 2006-04-13 |l 0 |r 2026-02-21 19:52:15 |w 2026-02-21 | ||
| 952 | |a SNK |b SNK |y PREZ |7 0 |p 17A0504168 |o snkČSC 1221/11/1972/príl. D1 |i snkKSP 5925/72 |0 0 |1 0 |4 0 |d 2006-04-13 |l 0 |r 2026-02-21 19:52:15 |w 2026-02-21 | ||
| 952 | |t č. 1-2 |a SNK |b SNK |y PREZ |7 0 |p 17A1433941 |o snkČSC 1221/59/2019 |i snk2021/7080 |8 0 |f 1 |0 0 |1 0 |4 0 |d 2021-06-16 |l 0 |r 2026-02-21 19:52:21 |w 2026-02-21 | ||
| 952 | |a SNK |b SNK |y PREZ |7 0 |p 17A0661133 |o snkČSC 1221/49/2009/1 D1 |i snk2010/14605 |8 0 |0 0 |1 0 |4 0 |d 2010-07-06 |l 0 |r 2026-02-21 19:53:32 |w 2026-02-21 | ||
| 952 | |a SNK |b SNK |y PREZ |7 0 |p 17A0661132 |o snkČSC 1221/49/2009/2 |i snk2010/14606 |8 0 |f 1 |0 0 |1 0 |4 0 |d 2010-07-06 |l 0 |r 2026-02-21 19:53:32 |w 2026-02-21 | ||
| 952 | |a SNK |b SNK |y PREZ |7 0 |p 17A0661134 |o snkČSC 1221/49/2009/2 D1 |i snk2010/14607 |8 0 |0 0 |1 0 |4 0 |d 2010-07-06 |l 0 |r 2026-02-21 19:53:33 |w 2026-02-21 | ||
| 952 | |a SNK |b SNK |y NEVYP |7 0 |p 17A1345564 |o snkČSC 1221/20/1977 D1 |i snkKSP 816/81 |0 0 |1 0 |4 0 |d 2022-09-05 |l 0 |r 2026-02-21 20:03:32 |w 2026-02-21 | ||
| 952 | |a SNK |b SNK |y PREZ |7 0 |p 17A0530307 |o snkČSC 1221/24/1983 |i snkKSP 3835/85 |f 1 |3 rekatalogizácia |0 0 |1 0 |4 0 |d 2006-11-24 |l 0 |r 2026-02-21 20:04:40 |w 2026-02-21 | ||
| 952 | |a SNK |b SNK |y PREZ |7 0 |p 17A0524419 |o snkČSC 1221/46/2005 |i snk2006/23215 |8 0 |f 1 |0 0 |1 0 |4 0 |d 2006-11-08 |l 0 |r 2026-02-21 20:05:19 |w 2026-02-21 | ||
| 952 | |a SNK |b SNK |y PREZ |7 0 |p 17A0524420 |o snkČSC 1221/46/2005 D1 |i snk2006/23216 |8 0 |0 0 |1 0 |4 0 |d 2006-11-08 |l 0 |r 2026-02-21 20:05:19 |w 2026-02-21 | ||
| 952 | |a SNK |b SNK |y PREZ |7 0 |p 17A0606193 |o snkČSC 1221/21/1979 D1 |i snkKSP 1385/81 |0 0 |1 0 |4 0 |d 2009-01-27 |l 0 |r 2026-02-21 20:16:47 |w 2026-02-21 | ||
| 952 | |a SNK |b SNK |y PREZ |7 0 |p 17A0672698 |o snkČSC 1221/50/2010/1 |i snk2011/18849 |8 0 |f 1 |0 0 |1 0 |4 0 |d 2011-09-09 |l 0 |r 2026-02-21 20:17:03 |w 2026-02-21 | ||
| 952 | |a SNK |b SNK |y PREZ |7 0 |p 17A0672699 |o snkČSC 1221/50/2010/1 D1 |i snk2011/18850 |8 0 |0 0 |1 0 |4 0 |d 2011-09-09 |l 0 |r 2026-02-21 20:17:03 |w 2026-02-21 | ||
| 952 | |a SNK |b SNK |y PREZ |7 0 |p 17A0679222 |o snkČSC 1221/50/2010/2 |i snk2011/18851 |8 0 |f 1 |0 0 |1 0 |4 0 |d 2011-09-09 |l 0 |r 2026-02-21 20:17:03 |w 2026-02-21 | ||
| 952 | |a SNK |b SNK |y PREZ |7 0 |p 17A0679223 |o snkČSC 1221/50/2010/2 D1 |i snk2011/18852 |8 0 |0 0 |1 0 |4 0 |d 2011-09-09 |l 0 |r 2026-02-21 20:17:03 |w 2026-02-21 | ||
| 952 | |a SNK |b SNK |y PREZ |7 0 |p 17A0679224 |o snkČSC 1221/51/2011/1 |i snk2011/18853 |8 0 |f 1 |0 0 |1 0 |4 0 |d 2011-09-09 |l 0 |r 2026-02-21 20:17:03 |w 2026-02-21 | ||
| 952 | |a SNK |b SNK |y PREZ |7 0 |p 17A0679225 |o snkČSC 1221/51/2011/1 D1 |i snk2011/18854 |8 0 |0 0 |1 0 |4 0 |d 2011-09-09 |l 0 |r 2026-02-21 20:17:03 |w 2026-02-21 | ||
| 952 | |a SNK |b SNK |y PREZ |7 0 |p 17A7632875 |o snkČSC 1221/26/1985 D1 |i snkKSP 5430/86 |0 0 |1 0 |4 0 |d 2012-02-13 |l 0 |r 2026-02-21 20:17:37 |w 2026-02-21 | ||
| 952 | |t 1 |a SNK |b SNK |c SNK_KF |y PREZ |7 8 |p 17A0105607 |o snkČSC 1221/35/1994 |i snkKSP 9864/97 |8 0 |f 1 |0 0 |1 0 |2 udc |4 0 |d 1997-09-26 |l 0 |r 2005-01-02 00:00:00 |w 2026-02-21 | ||
| 952 | |t 2 |a SNK |b SNK |y PREZ |7 0 |p 17A0092574 |o snkČSC 1221/35/1994 D1 |i snkKSP 9865/97 |0 0 |1 0 |2 udc |4 0 |d 1997-09-26 |l 0 |r 2005-01-02 00:00:00 |w 2026-02-21 | ||
| 952 | |a SNK |b SNK |y PREZ |7 0 |p 17A0574332 |o snkČSC 1221/47/2006 |i snk2008/1871 |8 0 |f 1 |0 0 |1 0 |4 0 |d 2008-01-24 |l 0 |r 2026-02-21 20:28:24 |w 2026-02-21 | ||
| 952 | |a SNK |b SNK |y PREZ |7 0 |p 17A0574333 |o snkČSC 1221/47/2006 D1 |i snk2008/1872 |8 0 |0 0 |1 0 |4 0 |d 2008-01-24 |l 0 |r 2026-02-21 20:28:24 |w 2026-02-21 | ||
| 952 | |a SNK |b SNK |y PREZ |7 0 |p 17A0413367 |o snkČSC 1221/18-19/1976-77 |i snkKSP 7962/81 |f 1 |0 0 |1 0 |4 0 |d 2004-02-10 |l 0 |r 2004-12-31 00:00:00 |w 2026-02-21 | ||
| 952 | |a SNK |b SNK |y PREZ |7 0 |p 17A0249200 |o snkČSC 1221/40/1999 |i snkKSP 8674/2000 |f 1 |0 0 |1 0 |4 0 |d 2000-08-24 |l 0 |r 2005-01-02 00:00:00 |w 2026-02-21 | ||
| 952 | |a SNK |b SNK |y PREZ |7 0 |p 17A0249201 |o snkČSC 1221/40/1999 D1 |i snkKSP 8675/2000 |0 0 |1 0 |4 0 |d 2000-08-24 |l 0 |r 2005-01-02 00:00:00 |w 2026-02-21 | ||
| 952 | |a SNK |b SNK |y PREZ |7 0 |p 17A0178100 |o snkČSC 1221/17/1975 |i snkKSP 5489/78 |f 1 |0 0 |1 0 |4 0 |d 1999-02-02 |l 0 |r 2004-12-31 00:00:00 |w 2026-02-21 | ||
| 952 | |t 1 |a SNK |b SNK |c SNK_KF |y PREZ |7 8 |p 17A0433684 |o snkČSC 1221/30/1989 |i snkKSP 7111/91 |8 0 |z Vydané v r. 1991 |f 1 |0 0 |1 0 |2 udc |4 0 |d 2004-06-29 |l 0 |r 2004-12-31 00:00:00 |w 2026-02-21 | ||
| 952 | |a SNK |b SNK |y PREZ |7 0 |p 17A0452487 |o snkČSC 1221/14/1973 |i snkKSP 7571/74 |f 1 |0 0 |1 0 |4 0 |d 2004-11-30 |l 0 |r 2004-12-31 00:00:00 |w 2026-02-21 | ||
| 952 | |a SNK |b SNK |y PREZ |7 0 |p 17A0452045 |o snkČSC 1221/10/1971 D1 |i snkKSP 2376/72 |0 0 |1 0 |4 0 |d 2004-12-01 |l 0 |r 2004-12-31 00:00:00 |w 2026-02-21 | ||
| 952 | |a SNK |b SNK |y PREZ |7 0 |p 17A0452230 |o snkČSC 1221/12/1972 |i snkKSP 6816/73 |f 1 |0 0 |1 0 |4 0 |d 2004-12-01 |l 0 |r 2004-12-31 00:00:00 |w 2026-02-21 | ||
| 952 | |a SNK |b SNK |y PREZ |7 0 |p 17A0871022 |o snkČSC 1221/53/2013/1 |i snk2015/959 |8 0 |f 1 |0 0 |1 0 |4 0 |d 2015-01-14 |l 0 |r 2026-02-21 20:51:48 |w 2026-02-21 | ||
| 952 | |a SNK |b SNK |y PREZ |7 0 |p 17A0871020 |o snkČSC 1221/53/2013/1 D1 |i snk2015/969 |8 0 |0 0 |1 0 |4 0 |d 2015-01-14 |l 0 |r 2026-02-21 20:51:48 |w 2026-02-21 | ||
| 952 | |a SNK |b SNK |y PREZ |7 0 |p 17A0871021 |o snkČSC 1221/53/2013/2 |i snk2015/974 |8 0 |f 1 |0 0 |1 0 |4 0 |d 2015-01-14 |l 0 |r 2026-02-21 20:51:48 |w 2026-02-21 | ||
| 952 | |a SNK |b SNK |y PREZ |7 0 |p 17A0871072 |o snkČSC 1221/53/2013/2 D1 |i snk2015/977 |8 0 |0 0 |1 0 |4 0 |d 2015-01-14 |l 0 |r 2026-02-21 20:51:48 |w 2026-02-21 | ||
| 952 | |a SNK |b SNK |y PREZ |7 0 |p 17A0871073 |o snkČSC 1221/54/2014/1 |i snk2015/989 |8 0 |f 1 |0 0 |1 0 |4 0 |d 2015-01-14 |l 0 |r 2026-02-21 20:51:48 |w 2026-02-21 | ||
| 952 | |a SNK |b SNK |y PREZ |7 0 |p 17A0871074 |o snkČSC 1221/54/2014/1 D1 |i snk2015/996 |8 0 |0 0 |1 0 |4 0 |d 2015-01-14 |l 0 |r 2026-02-21 20:51:48 |w 2026-02-21 | ||
| 952 | |a SNK |b SNK |y PREZ |7 0 |p 17A0871075 |o snkČSC 1221/54/2014/2 |i snk2015/1002 |8 0 |f 1 |0 0 |1 0 |4 0 |d 2015-01-14 |l 0 |r 2026-02-21 20:51:48 |w 2026-02-21 | ||
| 952 | |a SNK |b SNK |y PREZ |7 0 |p 17A0871076 |o snkČSC 1221/54/2014/2 D1 |i snk2015/1005 |8 0 |0 0 |1 0 |4 0 |d 2015-01-14 |l 0 |r 2026-02-21 20:51:48 |w 2026-02-21 | ||
| 952 | |a SNK |b SNK |y PREZ |7 0 |p 17A0719387 |o snkČSC 1221/51/2011/2 |i snk2012/11107 |8 0 |f 1 |0 0 |1 0 |4 0 |d 2012-06-07 |l 0 |r 2026-02-21 21:01:59 |w 2026-02-21 | ||
| 952 | |a SNK |b SNK |y PREZ |7 0 |p 17A0719388 |o snkČSC 1221/51/2011/2 D1 |i snk2012/11109 |8 0 |0 0 |1 0 |4 0 |d 2012-06-07 |l 0 |r 2026-02-21 21:01:59 |w 2026-02-21 | ||
| 952 | |a SNK |b SNK |y PREZ |7 0 |p 17A0966479 |o snkČSC 1221/31/1990 |i snkKSP 806/91 |z Zborník k 50. výročiu výchovy telovýchovných kádrov na Slovensku a 30. výročiu vzniku FTVŠ UK |f 1 |0 0 |1 0 |4 0 |d 2012-08-09 |l 0 |r 2026-02-21 21:02:08 |w 2026-02-21 | ||
| 952 | |a SNK |b SNK |y PREZ |7 0 |p 17A0866496 |o snkČSC 1221/52/2012/1 |i snk2012/24164 |8 0 |f 1 |0 0 |1 0 |4 0 |d 2012-11-23 |l 0 |r 2026-02-21 21:02:15 |w 2026-02-21 | ||
| 952 | |a SNK |b SNK |y PREZ |7 0 |p 17A0866497 |o snkČSC 1221/52/2012/1 D1 |i snk2012/24166 |8 0 |0 0 |1 0 |4 0 |d 2012-11-23 |l 0 |r 2026-02-21 21:02:15 |w 2026-02-21 | ||
| 952 | |a SNK |b SNK |y PREZ |7 0 |p 17A0320903 |o snkČSC 1221/41/2000 |i snkKSP 12581/2001 |f 1 |0 0 |1 0 |4 0 |d 2001-11-07 |l 0 |r 2005-01-02 00:00:00 |w 2026-02-21 | ||
| 952 | |a SNK |b SNK |y PREZ |7 0 |p 17A0320904 |o snkČSC 1221/41/2000 D1 |i snkKSP 12582/2001 |0 0 |1 0 |4 0 |d 2001-11-07 |l 0 |r 2005-01-02 00:00:00 |w 2026-02-21 | ||
| 952 | |a SNK |b SNK |y PREZ |7 0 |p 17A0661131 |o snkČSC 1221/49/2009/1 |i snk2010/14602 |8 0 |f 1 |0 0 |1 0 |4 0 |d 2010-07-06 |l 0 |r 2026-02-21 21:12:53 |w 2026-02-21 | ||
| 952 | |t 1 |a SNK |b SNK |c SNK_KF |y PREZ |7 8 |p 17A0039698 |o snkČSC 1221/37/1995 |i snkKSP 9275/96 |8 0 |f 1 |0 0 |1 0 |2 udc |4 0 |d 1996-10-31 |l 0 |r 2005-01-01 00:00:00 |w 2026-02-21 | ||
| 952 | |t 2 |a SNK |b SNK |y PREZ |7 0 |p 17A0016648 |o snkČSC 1221/37/1995 D1 |i snkKSP 9276/96 |0 0 |1 0 |2 udc |4 0 |d 1996-10-31 |l 0 |r 2005-01-01 00:00:00 |w 2026-02-21 | ||
| 952 | |a SNK |b SNK |y PREZ |7 0 |p 17A0446480 |o snkČSC 1221/45/2004 |i snk2005/6245 |8 0 |f 1 |0 0 |1 0 |4 0 |d 2005-04-14 |l 0 |r 2026-02-21 21:20:43 |w 2026-02-21 | ||
| 952 | |a SNK |b SNK |y PREZ |7 0 |p 17A0446481 |o snkČSC 1221/45/2004 D1 |i snk2005/6246 |8 0 |0 0 |1 0 |4 0 |d 2005-04-14 |l 0 |r 2026-02-21 21:20:43 |w 2026-02-21 | ||
| 952 | |t 2 |a SNK |b SNK |y PREZ |7 0 |p 17A0462394 |o snkČSC 1221/28/1987 D1 |i snkKSP 424/90 |z Vydané v r. 1989 |0 0 |1 0 |2 udc |4 0 |d 2005-03-22 |l 0 |r 2026-02-21 21:21:00 |w 2026-02-21 | ||
| 952 | |a SNK |b SNK |y PREZ |7 0 |p 17A0462485 |o snkČSC 1221/25/1984 D1 |i snkKSP 6774/87 |0 0 |1 0 |4 0 |d 2005-03-22 |l 0 |r 2026-02-21 21:21:28 |w 2026-02-21 | ||
| 952 | |a SNK |b SNK |y PREZ |7 0 |p 17A0866749 |o snkČSC 1221/52/2012/2 |i snk2013/11245 |8 0 |f 1 |0 0 |1 0 |4 0 |d 2013-05-17 |l 0 |r 2026-02-21 21:23:12 |w 2026-02-21 | ||
| 952 | |a SNK |b SNK |y PREZ |7 0 |p 17A0866750 |o snkČSC 1221/52/2012/2 D1 |i snk2013/11246 |8 0 |0 0 |1 0 |4 0 |d 2013-05-17 |l 0 |r 2026-02-21 21:23:13 |w 2026-02-21 | ||
| 952 | |a SNK |b SNK |y PREZ |7 0 |p 17A0185695 |o snkČSC 1221/38/1997 |i snkKSP 2685/99 |f 1 |0 0 |1 0 |4 0 |d 1999-03-15 |l 0 |r 2005-01-02 00:00:00 |w 2026-02-21 | ||
| 952 | |a SNK |b SNK |y PREZ |7 0 |p 17A0185694 |o snkČSC 1221/38/1997 D1 |i snkKSP 2686/99 |0 0 |1 0 |4 0 |d 1999-03-15 |l 0 |r 2005-01-02 00:00:00 |w 2026-02-21 | ||
| 952 | |a SNK |b SNK |y PREZ |7 0 |p 17A0609950 |o snkČSC 1221/48/2008 |i snk2009/20446 |8 0 |f 1 |0 0 |1 0 |4 0 |d 2009-11-16 |l 0 |r 2026-02-21 21:30:28 |w 2026-02-21 | ||
| 952 | |a SNK |b SNK |y PREZ |7 0 |p 17A0609951 |o snkČSC 1221/48/2008 D1 |i snk2009/20447 |8 0 |0 0 |1 0 |4 0 |d 2009-11-16 |l 0 |r 2026-02-21 21:30:28 |w 2026-02-21 | ||
| 952 | |t č. 1-2 |a SNK |b SNK |y PREZ |7 0 |p 17A1268498 |o snkČSC 1221/55/2015 |i snk2018/6400 |8 0 |f 1 |0 0 |1 0 |4 0 |d 2018-03-15 |l 0 |r 2026-02-21 21:50:02 |w 2026-02-21 | ||
| 952 | |t č. 1-2 |a SNK |b SNK |y PREZ |7 0 |p 17A1268499 |o snkČSC 1221/55/2015 D1 |i snk2018/6401 |8 0 |0 0 |1 0 |4 0 |d 2018-03-15 |l 0 |r 2026-02-21 21:50:02 |w 2026-02-21 | ||
| 952 | |t č. 1-2 |a SNK |b SNK |y PREZ |7 0 |p 17A1268500 |o snkČSC 1221/56/2016 |i snk2018/6402 |8 0 |f 1 |0 0 |1 0 |4 0 |d 2018-03-15 |l 0 |r 2026-02-21 21:50:02 |w 2026-02-21 | ||
| 952 | |t č. 1-2 |a SNK |b SNK |y PREZ |7 0 |p 17A1268501 |o snkČSC 1221/56/2016 D1 |i snk2018/6403 |8 0 |0 0 |1 0 |4 0 |d 2018-03-15 |l 0 |r 2026-02-21 21:50:02 |w 2026-02-21 | ||
| 952 | |t č. 1-2 |a SNK |b SNK |y PREZ |7 0 |p 17A1268502 |o snkČSC 1221/57/2017 |i snk2018/6405 |8 0 |f 1 |0 0 |1 0 |4 0 |d 2018-03-15 |l 0 |r 2026-02-21 21:50:02 |w 2026-02-21 | ||
| 952 | |t č. 1-2 |a SNK |b SNK |y PREZ |7 0 |p 17A1268503 |o snkČSC 1221/57/2017 D1 |i snk2018/6406 |8 0 |0 0 |1 0 |4 0 |d 2018-03-15 |l 0 |r 2026-02-21 21:50:03 |w 2026-02-21 | ||
| 952 | |t č. 1-2 |a SNK |b SNK |y PREZ |7 0 |p 17A1382863 |o snkČSC 1221/58/2018 |i snk2019/23037 |8 0 |f 1 |0 0 |1 0 |4 0 |d 2019-09-16 |l 0 |r 2026-02-21 21:52:29 |w 2026-02-21 | ||
| 952 | |t č. 1-2 |a SNK |b SNK |y PREZ |7 0 |p 17A1382864 |o snkČSC 1221/58/2018 D1 |i snk2019/23038 |8 0 |0 0 |1 0 |4 0 |d 2019-09-16 |l 0 |r 2026-02-21 21:52:29 |w 2026-02-21 | ||
| 952 | |t 2 |a SNK |b SNK |y PREZ |7 0 |p 17A1190219 |o snkČSC 1221/29/1988 D1 |i snkKSP 3452/91 |z Vydané v r. 1990 |0 0 |1 0 |2 udc |4 0 |d 2018-06-07 |l 0 |r 2026-02-21 22:12:00 |w 2026-02-21 | ||
| 952 | |t 2 |a SNK |b SNK |y PREZ |7 0 |p 17A1556615 |o snkČSC 1221/32/1992 D1 |i snkKSP 6628/92 |0 0 |1 0 |2 udc |4 0 |d 2010-04-29 |l 0 |r 2026-03-17 12:14:28 |w 2026-02-21 | ||
| 952 | |t 2 |a SNK |b SNK |y PREZ |7 0 |p 17A1556616 |o snkČSC 1221/34/1994 D1 |i snkKSP 1731/95 |0 0 |1 0 |2 udc |4 0 |d 2013-12-20 |l 0 |r 2026-03-17 12:23:47 |w 2026-02-21 | ||
| 952 | |t 2 |a SNK |b SNK |y PREZ |7 0 |p 17A1556617 |o snkČSC 1221/36/1995 D1 |i snkKSP 1748/96 |0 0 |1 0 |2 udc |4 0 |d 2013-12-20 |l 0 |r 2026-03-17 12:32:00 |w 2026-02-21 | ||


